Analysis of influences of GDP and ICT on Indonesian industrial structural changes using statistical analysis: 1990-2008 (Record no. 313132)
[ view plain ]
| 000 -LEADER | |
|---|---|
| fixed length control field | 00684nam a2200145Ia 4500 |
| 008 - FIXED-LENGTH DATA ELEMENTS--GENERAL INFORMATION | |
| fixed length control field | 170221s9999 xx 000 0 und d |
| 100 ## - MAIN ENTRY--PERSONAL NAME | |
| Personal name | Zubhi, Ubaidillah. |
| 245 ## - TITLE STATEMENT | |
| Title | Analysis of influences of GDP and ICT on Indonesian industrial structural changes using statistical analysis: 1990-2008 |
| 245 ## - TITLE STATEMENT | |
| Statement of responsibility, etc | Ubaidillah Zuhdi, Tokyo University of Science, Japan & Institut Teknologi Bandung, Indonesia; Shunsuke Mori, Tokyo University of Science, Japan; Kazuhisa Kamegai, Tokyo University of Science, Japan. |
| 260 ## - PUBLICATION, DISTRIBUTION, ETC. (IMPRINT) | |
| Name of publisher, distributor, etc | Journal of Management and Marketing Research |
| 260 ## - PUBLICATION, DISTRIBUTION, ETC. (IMPRINT) | |
| Date of publication, distribution, etc | 2015 |
| 300 ## - PHYSICAL DESCRIPTION | |
| Extent | 14 : |
| 650 ## - SUBJECT ADDED ENTRY--TOPICAL TERM | |
| General subdivision | Business |
| 856 ## - ELECTRONIC LOCATION AND ACCESS | |
| Uniform Resource Identifier | <a href="http://www.aabri.com/manuscripts/141923.pdf">http://www.aabri.com/manuscripts/141923.pdf</a> |
| Withdrawn status | Lost status | Damaged status | Home library | Current library | Date acquired | Total Checkouts | Date last seen | Price effective from | Koha item type |
|---|---|---|---|---|---|---|---|---|---|
| College Library | College Library | 02/21/2017 | 02/21/2017 | 02/21/2017 | Foreign e-journal articles |